[Event "AUTO-OPEN-4100"]
[Site "http://www.queenalice.com/game.php?id=1586027"]
[Date "2019.10.7"]
[Round "1"]
[White "luciano59"]
[Black "bouley"]
[Result "1-0"]
[WhiteElo "2453"]
[BlackElo "1964"]

1. e4 Nc6 2. d4 d5 3. e5 Bf5 4. c3 e6 5. Bd3 Nge7 6. Ne2 h6 7. O-O g5 8. Ng3 Bg6
9. f4 gxf4 10. Nh5 Bxh5 11. Qxh5 Bg7 12. Rxf4 O-O 13. Rg4 Nf5 14. Bxf5 exf5 15.
Bxh6 1-0

[Event "AUTO-OPEN-4080"]
[Site "http://www.queenalice.com/game.php?id=1586979"]
[Date "2019.10.16"]
[Round "2"]
[White "Fredo"]
[Black "luciano59"]
[Result "0-1"]
[WhiteElo "1980"]
[BlackElo "2465"]

1. e4 e5 2. f4 exf4 3. Bc4 f5 4. d3 Qh4+ 5. Kf1 fxe4 6. dxe4 Bc5 7. Qe2 Ne7 8.
Nf3 Qh6 9. Nc3 Nbc6 10. Nd5 Nxd5 11. exd5+ Ne7 12. Bd2 Be3 13. Bxe3 fxe3 14. Re1
Nf5 15. Kg1 d6 16. c3 O-O 17. Bd3 Re8 18. Nd2 Nh4 19. Ne4 Bf5 20. Qxe3 Qg6 21.
g3 Rxe4 22. Bxe4 Re8 0-1

[Event "AUTO-OPEN-4080"]
[Site "http://www.queenalice.com/game.php?id=1586980"]
[Date "2019.10.16"]
[Round "2"]
[White "luciano59"]
[Black "Fredo"]
[Result "1-0"]
[WhiteElo "2466"]
[BlackElo "1973"]

1. e4 c5 2. Nf3 Nc6 3. d4 cxd4 4. Nxd4 e5 5. Nb5 d6 6. N1c3 a6 7. Na3 b5 8. Nd5
Nf6 9. Bg5 Be6 10. c4 Be7 11. Nxe7 Qxe7 12. cxb5 Nd4 13. bxa6 O-O 14. Nb5 d5 15.
Nxd4 exd4 16. e5 Bh3 17. Bxf6 gxf6 18. gxh3 fxe5 19. Rg1+ Kh8 20. Qd2 f5 21.
O-O-O Rfc8+ 22. Kb1 Rab8 23. f4 Qb4 24. Qxb4 Rxb4 25. fxe5 Rcb8 26. Rd2 1-0

[Event "AUTO-OPEN-4080"]
[Site "http://www.queenalice.com/game.php?id=1586983"]
[Date "2019.10.16"]
[Round "2"]
[White "mvson33"]
[Black "luciano59"]
[Result "0-1"]
[WhiteElo "1773"]
[BlackElo "2460"]

1. Nf3 Nf6 2. d4 d5 3. e3 e6 4. c4 g6 5. cxd5 exd5 6. Bd3 Bd6 7. O-O O-O 8. Nc3
c6 9. Bd2 Re8 10. Rc1 Ne4 11. Qc2 Bf5 12. Rfd1 Nd7 13. h3 Qf6 14. Be1 Nxc3 15.
Qxc3 Bxh3 16. Be2 Qf5 17. gxh3 Qxh3 0-1

[Event "AUTO-OPEN-4080"]
[Site "http://www.queenalice.com/game.php?id=1586984"]
[Date "2019.10.16"]
[Round "2"]
[White "luciano59"]
[Black "mvson33"]
[Result "1-0"]
[WhiteElo "2458"]
[BlackElo "1766"]

1. e4 e5 2. f4 d6 3. Nf3 exf4 4. d4 Nf6 5. Nc3 Be7 6. Bxf4 O-O 7. Bd3 Bg4 8. h3
Bh5 9. e5 dxe5 10. dxe5 Nd5 11. Nxd5 Nc6 12. g4 Bg6 13. Bxg6 hxg6 14. Qd2 Qd7
15. Nf6+ gxf6 16. Qxd7 Rac8 17. Qd5 Rfd8 18. Qc4 1-0

[Event "AUTO-OPEN-4086"]
[Site "http://www.queenalice.com/game.php?id=1587352"]
[Date "2019.10.19"]
[Round "2"]
[White "ArmandoFerreira"]
[Black "luciano59"]
[Result "1-0"]
[WhiteElo "2757"]
[BlackElo "2453"]

1. d4 d5 2. c4 c6 3. cxd5 cxd5 4. Bf4 Nc6 5. e3 Nf6 6. Nc3 a6 7. Nf3 Bg4 8. h3
Bxf3 9. Qxf3 e6 10. Bd3 Bd6 11. Bg5 h6 12. Bh4 Be7 13. Bg3 Qb6 14. Qe2 Nb4 15.
Bb1 Rc8 16. O-O Bd6 17. Bh4 Nd7 18. f4 g6 19. Kh1 Nc6 20. e4 O-O 21. exd5 Nxd4
22. Qd2 Nf5 23. dxe6 fxe6 24. Bxf5 Rxf5 25. Rad1 Rc6 26. Ne4 Rd5 27. Qe2 Bf8 28.
Bf6 Qb5 29. Qe3 Nb6 30. Be5 Rxd1 31. Rxd1 Nd5 32. Qg3 Kf7 33. Qf3 Qb4 34. a3 Qe7
35. f5 1-0

[Event "AUTO-OPEN-4086"]
[Site "http://www.queenalice.com/game.php?id=1587353"]
[Date "2019.10.19"]
[Round "2"]
[White "luciano59"]
[Black "ArmandoFerreira"]
[Result "0-1"]
[WhiteElo "2455"]
[BlackElo "2755"]

1. e4 e6 2. d4 d5 3. e5 c5 4. c3 Qb6 5. Nf3 Nc6 6. a3 c4 7. Nbd2 Na5 8. g3 h6 9.
Rb1 Bd7 10. Bg2 O-O-O 11. b4 cxb3 12. Nxb3 Ba4 13. Nfd2 Kb8 14. Qc2 Rc8 15. Qb2
Nxb3 16. Nxb3 Qxb3 17. Qxb3 Bxb3 18. Rxb3 Ne7 19. Bd2 Nc6 20. Bf1 Na5 21. Rb1
Be7 22. a4 Nc4 23. Bd3 Bd8 24. Rb5 a6 25. Rb3 Ba5 26. Ke2 Rc7 27. Rhb1 Nxd2 28.
Kxd2 Ka7 29. f4 g6 30. Rc1 Rg8 31. Kc2 Rgc8 32. Kd2 Re7 33. h4 h5 34. Re1 Rec7
35. Rc1 Bb6 0-1

[Event "AUTO-OPEN-4086"]
[Site "http://www.queenalice.com/game.php?id=1587362"]
[Date "2019.10.19"]
[Round "2"]
[White "luciano59"]
[Black "chessman"]
[Result "1-0"]
[WhiteElo "2468"]
[BlackElo "1868"]

1. e4 e6 2. d4 d5 3. e5 c5 4. c3 cxd4 5. cxd4 Nc6 6. Nf3 Bb4+ 7. Nc3 Nge7 8. Bd3
Qb6 9. O-O Bd7 10. Na4 Qd8 11. a3 Ba5 12. Nc5 Rb8 13. Qc2 h6 14. b4 Bc7 15. Bd2
O-O 16. Rfc1 a6 17. a4 Bc8 18. b5 axb5 19. axb5 Nxd4 20. Nxd4 Bb6 21. Qb2 Bxc5
22. Rxc5 Bd7 23. Rac1 1-0

[Event "AUTO-OPEN-4086"]
[Site "http://www.queenalice.com/game.php?id=1587363"]
[Date "2019.10.19"]
[Round "2"]
[White "chessman"]
[Black "luciano59"]
[Result "0-1"]
[WhiteElo "1882"]
[BlackElo "2467"]

1. e4 e5 2. Nf3 Nf6 3. Nxe5 d6 4. Nf3 Nxe4 5. d4 d5 6. Bd3 Nc6 7. c4 Bb4+ 8. Bd2
Nxd2 9. Nbxd2 dxc4 10. Bxc4 O-O 11. O-O Bg4 12. Be2 Nxd4 13. Nxd4 Qxd4 14. Bxg4
Bxd2 15. Bf3 Rab8 16. Qc2 c6 17. Rfd1 Rbd8 18. a3 Rfe8 0-1

[Event "Challenge"]
[Site "http://www.queenalice.com/game.php?id=1588902"]
[Date "2019.11.3"]
[Round "-"]
[White "Lamorteoscura77"]
[Black "luciano59"]
[Result "0-1"]
[WhiteElo "2219"]
[BlackElo "2455"]

1. e4 e5 2. Nf3 Nf6 3. Nxe5 d6 4. Nf3 Nxe4 5. Qe2 Qe7 6. d3 Nf6 7. Bg5 Qxe2+ 8.
Bxe2 Be7 9. Nc3 c6 10. O-O-O Na6 11. Rhe1 Nc7 12. d4 Be6 13. Kb1 h6 14. Bf4 b5
15. Bd3 O-O-O 16. h3 Nfd5 17. Nxd5 Nxd5 18. Bd2 Kd7 19. Re2 b4 20. Bc1 g5 21. g4
h5 22. Nxg5 Bxg5 23. Bxg5 Rdg8 24. f4 hxg4 25. h4 f6 26. f5 fxg5 27. fxe6+ Ke7
28. hxg5 g3 29. Rf1 Nf4 30. Rxf4 Rh1+ 0-1

[Event "Challenge"]
[Site "http://www.queenalice.com/game.php?id=1588903"]
[Date "2019.11.3"]
[Round "-"]
[White "luciano59"]
[Black "Lamorteoscura77"]
[Result "1-0"]
[WhiteElo "2451"]
[BlackElo "2216"]

1. e4 Nf6 2. e5 Nd5 3. c4 Nb6 4. d4 d6 5. exd6 cxd6 6. Nc3 g6 7. Be3 Bg7 8. Rc1
O-O 9. b3 Nc6 10. d5 Ne5 11. Be2 f5 12. f4 Ng4 13. Bd4 e5 14. dxe6 Bxe6 15. Bxg4
fxg4 16. Bxg7 Kxg7 17. Nge2 d5 18. c5 Nc8 19. O-O Ne7 20. Nd4 Bf5 21. Ncb5 Be4
22. Ne6+ 1-0

[Event "AUTO-OPEN-4094"]
[Site "http://www.queenalice.com/game.php?id=1594666"]
[Date "2019.12.31"]
[Round "2"]
[White "luciano59"]
[Black "AsterixTwin"]
[Result "0-1"]
[WhiteElo "2422"]
[BlackElo "2508"]

1. e4 c5 2. Nf3 d6 3. d4 cxd4 4. Nxd4 Nf6 5. Nc3 a6 6. Be3 e5 7. Nb3 Be6 8. f3
Be7 9. Qd2 O-O 10. O-O-O Nbd7 11. g4 b5 0-1

[Event "AUTO-OPEN-4094"]
[Site "http://www.queenalice.com/game.php?id=1594667"]
[Date "2019.12.31"]
[Round "2"]
[White "AsterixTwin"]
[Black "luciano59"]
[Result "1-0"]
[WhiteElo "2501"]
[BlackElo "2429"]

1. e4 e5 2. Nf3 Nf6 3. Nxe5 d6 4. Nf3 Nxe4 5. Nc3 Nxc3 6. dxc3 Be7 7. Be3 Nc6 8.
Qd2 Be6 9. O-O-O Qd7 10. Kb1 Bf6 11. Nd4 1-0

[Event "AUTO-OPEN-3990"]
[Site "http://www.queenalice.com/game.php?id=1596107"]
[Date "2020.1.13"]
[Round "3"]
[White "ratorei"]
[Black "luciano59"]
[Result "1-0"]
[WhiteElo "2143"]
[BlackElo "2398"]

1. e4 e5 2. Nf3 Nf6 3. Nxe5 d6 4. Nf3 Nxe4 5. d3 Nf6 6. Nc3 d5 7. Bg5 Be7 8. Be2
O-O 9. O-O Nc6 10. h3 d4 11. Ne4 1-0

[Event "AUTO-OPEN-3990"]
[Site "http://www.queenalice.com/game.php?id=1596108"]
[Date "2020.1.13"]
[Round "3"]
[White "luciano59"]
[Black "ratorei"]
[Result "0-1"]
[WhiteElo "2378"]
[BlackElo "2163"]

1. e4 Nf6 2. e5 Nd5 3. c4 Nb6 4. d4 d6 5. exd6 exd6 6. Nc3 c5 7. dxc5 Qe7+ 8.
Be2 dxc5 9. Nf3 Qd6 10. Qxd6 Bxd6 0-1